Innovation, human capital and trade competitiveness : how are they connected and why do they matter? :
| Other Authors: | |
|---|---|
| Format: | Book |
| Published: |
Cham:
Springer International Publishing,
2014.
|
| Subjects: |
| LEADER | 00705cam a2200181 7i4500 | ||
|---|---|---|---|
| 001 | 0000032034 | ||
| 005 | 20150730090000.0 | ||
| 020 | 0 | 0 | |a 9783319020723 |
| 090 | 0 | 0 | |a B 338.9 |b INN |
| 245 | 0 | 0 | |a Innovation, human capital and trade competitiveness : |b how are they connected and why do they matter? : |b how are they connected and why do they matter? : |b comparing countries in Europe, North America, and Asia. |
| 260 | 0 | 0 | |a Cham: |b Springer International Publishing, |c 2014. |
| 300 | # | # | |a 486 pages. |
| 650 | 0 | 0 | |a Economics |
| 650 | 0 | 0 | |a Economic policy |
| 650 | 0 | 0 | |a Development economics |
| 650 | 0 | 0 | |a Regional economics |
| 700 | 1 | 0 | |a Weresa, Marzenna Anna |
| 999 | |a B000035749 |b Book |c Book |e Business Information Centre | ||


